| 000 | 00519nam a2200181 i 4500 | ||
|---|---|---|---|
| 001 | 98158 | ||
| 003 | ES-MaACL | ||
| 005 | 20240229063316.0 | ||
| 007 | t| | ||
| 008 | 050726s1982 sp ||||1| spa d | ||
| 100 | 1 |
_aMarsé, Juan, _d1933-2020 _977117 |
|
| 245 | 1 | 0 |
_aUn día volveré / _cJuan Marsé. |
| 250 | _a[2ª ed.]. | ||
| 260 |
_aEsplugues de Llobregat (Barcelona) : _bPlaza & Janés, _c1982. |
||
| 300 |
_a287 p. ; _c21 cm. |
||
| 852 |
_aES-MaACL _jL-3412 _bR.104227 |
||
| 999 |
_c98158 _d98158 |
||